000 00600nam a22002297a 4500
999 _c351735
_d351735
001 65652
003 UA-OsUOA
005 20191223143331.0
007 ta
008 20091202b un ||||| |||| 00| 0 ukr d
040 _aUA-OsUOA
_bukr
_cUA-OsUOA
_dUA-OsUOA
041 _aukr
080 _a821.161.2
090 _a821.161.2
_bП36
100 _aПільгук І.
245 _aГрозовий ранок
_bповість
260 _aК.
_bАтлас
_c1968
300 _a232 с.
650 7 _a82 Література. Літературознавство
_2UDC
942 _cBK
_2udc
955 _a2